[Event "Bhilwara op"]
[Site "Bhilwara"]
[Date "2024.12.28"]
[Round "7"]
[White "Kriti, Mayur Patel"]
[Black "Parth, Gupta1"]
[Result "0-1"]
[WhiteElo "1781"]
[BlackElo "1660"]
[PlyCount "140"]
[EventDate "2024.12.24"]
[EventType "swiss"]
[EventRounds "9"]
[EventCountry "IND"]
[SourceTitle "CB02_2025"]
[SourceDate "2025.01.08"]
[SourceVersion "1"]
[SourceVersionDate "2025.01.08"]
[SourceQuality "1"]

1. e4 e5 2. Nf3 Nc6 3. Bb5 a6 4. Ba4 Bc5 5. c3 b5 6. Bb3 Nf6 7. Qe2 d6 8. 0-0 0-0 9. Rd1 Bb6 10. d3 h6 11. h3 Be6 12. Nbd2 Ne7 13. d4 exd4 14. cxd4 Ng6 15. d5 Nf4 16. Qf1 N6h5 17. Kh2 Bc8 18. Bc2 g5 19. g4 Nxh3 20. Qxh3 Nf6 21. Rg1 h5 22. e5 Nxg4+ 23. Rxg4 Bxg4 24. Qg2 dxe5 25. Ne4 f6 26. Nfxg5 fxg5 27. Bxg5 Qxg5 28. Nxg5 Rxf2 29. Qxf2 Bxf2 30. Ne4 Rf8 31. Bb3 Kg7 32. Rc1 Bb6 33. Rc6 Bd7 34. Rc3 Rf4 35. Nc5 Bc8 36. Ne6+ Bxe6 37. dxe6 Kf6 38. Rg3 Rh4+ 39. Kg2 Rg4 40. Rxg4 hxg4 41. Kg3 Bd4 42. Kxg4 c5 43. Bd5 Bxb2 44. Kf3 a5 45. Ke4 c4 46. Ke3 Bd4+ 47. Ke4 c3 48. Kd3 a4 49. Bc6 Kxe6 50. Bxb5 a3 51. Bc6 Kd6 52. Be4 Kc5 53. Bh7 Kd6 54. Be4 Ke6 55. Bh7 Kf6 56. Be4 Kg5 57. Ke2 Kf4 58. Kd3 c2 59. Kd2 Kxe4 60. Kc1 Ke3 61. Kxc2 e4 62. Kb1 Kf2 63. Kc2 e3 64. Kb1 e2 65. Kc2 Bb2 66. Kb3 e1Q 67. Ka4 Qe8+ 68. Kb3 Ke3 69. Kc2 Qa4+ 70. Kb1 Qd1# 0-1

[Event "Bhilwara op"]
[Site "Bhilwara"]
[Date "2024.12.26"]
[Round "4"]
[White "Arnav, Suriya"]
[Black "Kriti, Mayur Patel"]
[Result "0-1"]
[WhiteElo "1505"]
[BlackElo "1781"]
[PlyCount "62"]
[EventDate "2024.12.24"]
[EventType "swiss"]
[EventRounds "9"]
[EventCountry "IND"]
[SourceTitle "CB02_2025"]
[SourceDate "2025.01.08"]
[SourceVersion "1"]
[SourceVersionDate "2025.01.08"]
[SourceQuality "1"]

1. e4 e5 2. Nf3 Nc6 3. d4 exd4 4. Nxd4 Nf6 5. Nxc6 bxc6 6. Bd3 d5 7. exd5 cxd5 8. 0-0 Be7 9. Bf4 0-0 10. h3 c5 11. c4 Bb7 12. Nc3 d4 13. Ne2 Qb6 14. b3 Nh5 15. Bh2 Qc6 16. f3 f5 17. Qc2 Qg6 18. Nf4 Nxf4 19. Bxf4 Bh4 20. Rad1 Rae8 21. Rd2 Bg5 22. Bxg5 Qxg5 23. Re2 Re3 24. Qd2 f4 25. Ref2 Rfe8 26. Qd1 Qg3 27. Qd2 R8e5 28. Kh1 Bc8 29. Qc2 Rh5 30. Be4 Bxh3 31. gxh3 Qxh3+ 0-1

[Event "Mumbai SMCA op 1st"]
[Site "Mumbai"]
[Date "2024.10.12"]
[Round "2"]
[White "Kriti, Mayur Patel"]
[Black "Devansh, Nisar"]
[Result "1-0"]
[WhiteElo "1829"]
[BlackElo "1490"]
[PlyCount "107"]
[EventDate "2024.10.11"]
[EventType "swiss"]
[EventRounds "8"]
[EventCountry "IND"]
[SourceTitle "CB43_2024"]
[Source "Chessbase"]
[SourceDate "2024.10.23"]
[SourceVersion "1"]
[SourceVersionDate "2024.10.23"]
[SourceQuality "1"]

1. e4 c5 2. c3 d5 3. exd5 Qxd5 4. d4 e6 5. Nf3 Nc6 6. Be3 Nf6 7. dxc5 Qxd1+ 8. Kxd1 Ne4 9. b4 Bd7 10. Bd3 Nf6 11. Ke2 a6 12. a4 g6 13. Na3 Bg7 14. Bd2 Nd5 15. Rhc1 0-0 16. Rab1 e5 17. c4 Nf4+ 18. Bxf4 exf4 19. b5 Rfe8+ 20. Kf1 Ne5 21. Be4 Nxf3 22. Bxf3 Bf5 23. Rb3 axb5 24. Nxb5 Rxa4 25. Nd6 Re5 26. Bd5 Be6 27. Rxb7 Bf8 28. Nxf7 Rxd5 29. cxd5 Bxd5 30. c6 f3 31. gxf3 Bxf3 32. Ne5 Bd5 33. Rb8 Kg7 34. c7 Bd6 35. c8Q Bxe5 36. Qd7+ Kh6 37. Qxa4 Bxb8 38. Qh4+ Kg7 39. Qe7+ Bf7 40. Rb1 Bxh2 41. Rb7 Bd6 42. Qxf7+ Kh6 43. Qxh7+ Kg5 44. Rg7 Bf8 45. Rxg6+ Kf4 46. Qf7+ Ke4 47. Re6+ Kd5 48. Qd7+ Kc4 49. Re4+ Kc5 50. Qd4+ Kc6 51. Re6+ Bd6 52. Qxd6+ Kb7 53. Re7+ Ka8 54. Qd8# 1-0

[Event "Agai Sachdeva Memorial"]
[Site "Agra"]
[Date "2024.08.10"]
[Round "4"]
[White "Kriti, Mayur Patel"]
[Black "Vibhor, Ranjan"]
[Result "1-0"]
[WhiteElo "1786"]
[BlackElo "1696"]
[PlyCount "89"]
[EventDate "2024.08.09"]
[EventType "swiss"]
[EventRounds "9"]
[EventCountry "IND"]
[SourceTitle "EXT 2025"]
[Source "ChessBase"]
[SourceDate "2024.10.14"]
[SourceVersion "1"]
[SourceVersionDate "2024.10.14"]
[SourceQuality "1"]

1. e4 e6 2. d4 d5 3. Nc3 Bb4 4. exd5 exd5 5. Bd3 Nf6 6. Nge2 0-0 7. 0-0 Re8 8. Ng3 Bg4 9. f3 Be6 10. Nce2 Bd6 11. c3 Nbd7 12. a4 Nf8 13. Bc2 Ng6 14. Bg5 h6 15. Bd2 Qd7 16. Qb1 Nh4 17. Nf4 c6 18. Qc1 Nf5 19. Ngh5 Nxh5 20. Nxh5 Qe7 21. Qe1 Qc7 22. f4 Qd8 23. Qf2 g6 24. g4 Nh4 25. f5 Bxf5 26. gxf5 g5 27. f6 Qc7 28. Ng3 Re6 29. Rae1 Rae8 30. Rxe6 Rxe6 31. Kh1 a5 32. Bd3 b6 33. Be2 Ng6 34. Bg4 Re8 35. Nf5 Kh7 36. Re1 Re4 37. Rxe4 dxe4 38. Nxd6 Qxd6 39. Qf5 c5 40. d5 Kg8 41. c4 Kh7 42. Bc3 e3 43. Qd7 Qxd7 44. Bxd7 e2 45. Bf5 1-0

[Event "Agai Sachdeva Memorial"]
[Site "Agra"]
[Date "2024.08.09"]
[Round "2"]
[White "Kriti, Mayur Patel"]
[Black "Samir, Kumar Saha"]
[Result "1-0"]
[WhiteElo "1786"]
[BlackElo "1591"]
[PlyCount "67"]
[EventDate "2024.08.09"]
[EventType "swiss"]
[EventRounds "9"]
[EventCountry "IND"]
[SourceTitle "EXT 2025"]
[Source "ChessBase"]
[SourceDate "2024.10.14"]
[SourceVersion "1"]
[SourceVersionDate "2024.10.14"]
[SourceQuality "1"]

1. e4 Nc6 2. Nf3 e5 3. Bc4 f5 4. d3 Bc5 5. Ng5 f4 6. h4 Nf6 7. Nf7 Qe7 8. Nxh8 d5 9. exd5 Nd4 10. c3 b5 11. cxd4 exd4+ 12. Qe2 Qxe2+ 13. Kxe2 bxc4 14. dxc4 Bd6 15. Re1 Bf5 16. Kd1+ Kf8 17. Nd2 Ng4 18. Nb3 Nxf2+ 19. Ke2 Nd3 20. Rd1 Nb4 21. Nxd4 Bg4+ 22. Nf3 Kg8 23. Bd2 Nc2 24. Rac1 Nd4+ 25. Kf2 Nf5 26. c5 Be7 27. Bxf4 Rc8 28. d6 cxd6 29. cxd6 Nxd6 30. Bxd6 Rxc1 31. Rxc1 Bf6 32. Ne5 Bxe5 33. Bxe5 Kxh8 34. Rc7 1-0

[Event "Titled Tuesday intern op 16th Jul Early"]
[Site "Chess.com INT"]
[Date "2024.07.16"]
[Round "8"]
[White "Kriti, Mayur Patel"]
[Black "Schut, Han"]
[Result "1-0"]
[WhiteElo "1775"]
[BlackElo "2087"]
[PlyCount "149"]
[EventDate "2024.07.16"]
[EventType "swiss (blitz)"]
[EventRounds "11"]
[EventCountry "USA"]
[SourceTitle "EXT 2025"]
[Source "ChessBase"]
[SourceDate "2024.10.14"]
[SourceVersion "1"]
[SourceVersionDate "2024.10.14"]
[SourceQuality "1"]

1. e4 c5 2. d4 cxd4 3. c3 g6 4. Nf3 Bg7 5. cxd4 d5 6. e5 Nc6 7. Nc3 Bg4 8. Be2 Nh6 9. Bxh6 Bxh6 10. 0-0 0-0 11. h3 Bxf3 12. Bxf3 e6 13. a3 Qb6 14. Na4 Qxd4 15. Qxd4 Nxd4 16. Bg4 Bf4 17. Nc5 h5 18. Bd1 b6 19. Nd7 Rfd8 20. Nf6+ Kg7 21. Re1 Bxe5 22. Nxh5+ gxh5 23. Rxe5 f5 24. Bxh5 Kf6 25. f4 Rac8 26. Rd1 Nb3 27. g4 Rc4 28. Rf1 d4 29. g5+ Ke7 30. Rfe1 Nc5 31. Rxf5 Nd3 32. Rf7+ Kd6 33. Re2 Rc1+ 34. Kg2 Ne1+ 35. Kg3 Nd3 36. Rf6 Nc5 37. Rd2 d3 38. f5 Rc2 39. Rd1 Ne4+ 40. Kf4 Nxf6 41. Rxd3+ Nd5+ 42. Ke4 exf5+ 43. Kxf5 Rf8+ 44. Kg6 Rc6 45. Kh7 Ke5 46. g6 Rc7+ 47. g7 Nf6+ 48. Kg6 Rxg7+ 49. Kxg7 Nxh5+ 50. Kxf8 Nf4 51. Rf3 Ne6+ 52. Kf7 Nd4 53. Re3+ Kf4 54. Rc3 Nf5 55. Rc7 a5 56. Rb7 b5 57. Ke6 Nd6 58. Rxb5 Nxb5 59. h4 Kg4 60. Kd5 Kxh4 61. Kc5 Nc7 62. Kb6 Nd5+ 63. Kxa5 Kg5 64. b4 Kf4 65. b5 Ke5 66. b6 Ne7 67. b7 Kd6 68. b8Q+ Kd7 69. Qb6 Nc6+ 70. Kb5 Nd8 71. a4 Ne6 72. a5 Nc7+ 73. Kc5 Ne6+ 74. Kd5 Nc7+ 75. Ke5 1-0

[Event "Titled Tuesday intern op 09th Jul Early"]
[Site "Chess.com INT"]
[Date "2024.07.09"]
[Round "2"]
[White "Alahakoon, Isuru"]
[Black "Kriti, Mayur Patel"]
[Result "0-1"]
[WhiteElo "1951"]
[BlackElo "1775"]
[PlyCount "86"]
[EventDate "2024.07.09"]
[EventType "swiss (blitz)"]
[EventRounds "11"]
[EventCountry "USA"]
[SourceTitle "EXT 2025"]
[Source "ChessBase"]
[SourceDate "2024.10.14"]
[SourceVersion "1"]
[SourceVersionDate "2024.10.14"]
[SourceQuality "1"]

1. Nf3 d5 2. e3 Nf6 3. b3 e6 4. Bb2 c5 5. c4 Nc6 6. cxd5 exd5 7. Nc3 Be7 8. Rc1 0-0 9. d4 cxd4 10. Nxd4 Nxd4 11. Qxd4 Be6 12. Be2 a6 13. 0-0 Rc8 14. h3 Bc5 15. Qh4 Be7 16. Qd4 Bc5 17. Qd1 Qd7 18. Bf3 Rfd8 19. Ne2 Be7 20. Rxc8 Qxc8 21. Nf4 Ne4 22. Nxe6 Qxe6 23. Bg4 Qg6 24. f4 f5 25. Bh5 Qb6 26. Bd4 Bc5 27. Bxc5 Qxc5 28. Qc1 Qe7 29. Bf3 Qh4 30. Qe1 Qe7 31. Qa5 h6 32. Rc1 Ng3 33. Rc7 Qxe3+ 34. Kh2 Nf1+ 35. Kh1 Ng3+ 36. Kh2 Nf1+ 37. Kh1 Qxf4 38. Kg1 Ng3 39. Qc3 Qg5 40. Qe5 Ne4 41. Qe6+ Kh7 42. Qb6 d4 43. Rxb7 d3 0-1

[Event "Titled Tuesday intern op 09th Jul Early"]
[Site "Chess.com INT"]
[Date "2024.07.09"]
[Round "5"]
[White "Caku, Kler"]
[Black "Kriti, Mayur Patel"]
[Result "1-0"]
[WhiteElo "1859"]
[BlackElo "1775"]
[PlyCount "159"]
[EventDate "2024.07.09"]
[EventType "swiss (blitz)"]
[EventRounds "11"]
[EventCountry "USA"]
[SourceTitle "EXT 2025"]
[Source "ChessBase"]
[SourceDate "2024.10.14"]
[SourceVersion "1"]
[SourceVersionDate "2024.10.14"]
[SourceQuality "1"]

1. e4 e5 2. Nf3 Nc6 3. d4 exd4 4. Nxd4 Bb4+ 5. c3 Bc5 6. Be3 Bb6 7. Be2 d6 8. 0-0 Nf6 9. Nd2 0-0 10. a4 Re8 11. Qc2 Bd7 12. h3 h6 13. f4 a6 14. Bf3 Rc8 15. Kh1 Nxd4 16. cxd4 c5 17. d5 Ba5 18. Nc4 Bc7 19. e5 dxe5 20. d6 exf4 21. dxc7 Qxc7 22. Bf2 b5 23. axb5 axb5 24. Nd2 b4 25. Rac1 Bb5 26. Rfe1 Rxe1+ 27. Bxe1 c4 28. Ne4 Nd5 29. Bf2 Ne3 30. Qd2 Rd8 31. Qxb4 Bc6 32. Qc5 Qb7 33. Bxe3 fxe3 34. Nf6+ gxf6 35. Bxc6 Qxb2 36. Re1 Qf2 37. Qxe3 Qxe3 38. Rxe3 Rc8 39. Bf3 c3 40. Re1 Kg7 41. Rc1 f5 42. Kh2 Kf6 43. Kg3 Ke5 44. Kf2 f4 45. Be2 Ke4 46. Rc2 f6 47. Bf1 Rc5 48. Re2+ Kd4 49. Rc2 Rc7 50. Kf3 Ke5 51. Bd3 Rc5 52. Rc1 Rc7 53. Bc2 Rc5 54. Re1+ Kd4 55. Kxf4 Rg5 56. g4 Ra5 57. Rd1+ Kc4 58. Re1 Ra2 59. Re2 Kd4 60. Kf5 Ra6 61. Kg6 Rd6 62. Kxh6 f5+ 63. Kg5 fxg4 64. hxg4 Kc4 65. Kh5 Kb4 66. g5 Rd2 67. Rxd2 cxd2 68. g6 Kc3 69. Bd1 Kb2 70. g7 Kc1 71. Bg4 d1Q 72. Bxd1 Kxd1 73. g8Q Kd2 74. Qg3 Kd1 75. Qf2 Kc1 76. Kg4 Kd1 77. Kf3 Kc1 78. Ke3 Kd1 79. Kd3 Kc1 80. Qc2# 1-0

[Event "Titled Tuesday intern op 09th Jul Early"]
[Site "Chess.com INT"]
[Date "2024.07.09"]
[Round "3"]
[White "Kriti, Mayur Patel"]
[Black "Safranek, William"]
[Result "0-1"]
[WhiteElo "1775"]
[BlackElo "2119"]
[PlyCount "34"]
[EventDate "2024.07.09"]
[EventType "swiss (blitz)"]
[EventRounds "11"]
[EventCountry "USA"]
[SourceTitle "EXT 2025"]
[Source "ChessBase"]
[SourceDate "2024.10.14"]
[SourceVersion "1"]
[SourceVersionDate "2024.10.14"]
[SourceQuality "1"]

1. e4 e5 2. Nf3 Nc6 3. Bc4 Nf6 4. d3 h6 5. c3 d6 6. Nbd2 g5 7. b4 Bg7 8. a4 0-0 9. Nf1 d5 10. exd5 Nxd5 11. Ng3 g4 12. Nd2 Nxc3 13. Qb3 e4 14. Bb2 Nd4 15. Bxf7+ Rxf7 16. Qc4 Nc2+ 17. Kf1 Ne3+ 0-1

[Event "Titled Tuesday intern op 09th Jul Early"]
[Site "Chess.com INT"]
[Date "2024.07.09"]
[Round "6"]
[White "Osmonbekov, Talaibek D"]
[Black "Kriti, Mayur Patel"]
[Result "1-0"]
[WhiteElo "2109"]
[BlackElo "1775"]
[PlyCount "91"]
[EventDate "2024.07.09"]
[EventType "swiss (blitz)"]
[EventRounds "11"]
[EventCountry "USA"]
[SourceTitle "EXT 2025"]
[Source "ChessBase"]
[SourceDate "2024.10.14"]
[SourceVersion "1"]
[SourceVersionDate "2024.10.14"]
[SourceQuality "1"]

1. d4 d5 2. Bf4 Nf6 3. Nc3 a6 4. e3 e6 5. Nf3 c5 6. dxc5 Bxc5 7. Bd3 Nc6 8. 0-0 0-0 9. e4 dxe4 10. Nxe4 Nxe4 11. Bxe4 Qb6 12. Bxh7+ Kxh7 13. Ng5+ Kg6 14. Qd3+ f5 15. Qg3 Rg8 16. Nxe6+ Kf7 17. Ng5+ Kf8 18. Rad1 Be7 19. Bd6 Nd4 20. Bxe7+ Kxe7 21. Qe5+ Ne6 22. Rfe1 Bd7 23. Rxd7+ Kxd7 24. Nxe6 Qd6 25. Qxf5 Kc6 26. Qf3+ Kb6 27. Qe3+ Kc6 28. f4 Rae8 29. f5 g6 30. Qf3+ Kd7 31. Rd1 gxf5 32. Rxd6+ Kxd6 33. Nd4 Re1+ 34. Kf2 Re5 35. Nxf5+ Ke6 36. g4 Rd8 37. Qxb7 Rd2+ 38. Kf3 Rxc2 39. Qxa6+ Kf7 40. Qb7+ Kf6 41. Qg7+ Ke6 42. Qg6+ Kd5 43. Qd6+ Kc4 44. Qxe5 Rd2 45. Ne3+ Kd3 46. Qc3# 1-0

[Event "Titled Tuesday intern op 02nd Jul Early"]
[Site "Chess.com INT"]
[Date "2024.07.02"]
[Round "4"]
[White "Kriti, Mayur Patel"]
[Black "Szczepanek, Radoslaw"]
[Result "0-1"]
[WhiteElo "1781"]
[BlackElo "2205"]
[PlyCount "100"]
[EventDate "2024.07.02"]
[EventType "swiss (blitz)"]
[EventRounds "11"]
[EventCountry "USA"]
[SourceTitle "EXT 2025"]
[Source "ChessBase"]
[SourceDate "2024.10.14"]
[SourceVersion "1"]
[SourceVersionDate "2024.10.14"]
[SourceQuality "1"]

1. e4 c5 2. d4 cxd4 3. c3 Nf6 4. e5 Nd5 5. Nf3 Nc6 6. Bc4 Nb6 7. Bb3 d6 8. exd6 Qxd6 9. 0-0 Be6 10. Na3 Bxb3 11. Qxb3 e6 12. Nb5 Qd7 13. Bf4 Nd5 14. Bg3 Be7 15. c4 a6 16. cxd5 axb5 17. dxc6 bxc6 18. Nxd4 Qxd4 19. Rfd1 Qb6 20. Rac1 0-0 21. Rd7 Bf6 22. Bc7 Qa6 23. Qf3 Qxa2 24. Qxc6 Qxb2 25. g3 Bd4 26. Rf1 Ra2 27. Qf3 Ra3 28. Qh5 Ra1 29. Bd6 Rxf1+ 30. Kxf1 Qc1+ 31. Kg2 Qc6+ 32. Qf3 Qxd7 33. Bxf8 Kxf8 34. Qa8+ Ke7 35. Qf3 Qd5 36. h4 Qxf3+ 37. Kxf3 Kd6 38. Ke4 Kc5 39. f3 Bf2 40. g4 Bxh4 41. f4 f6 42. f5 e5 43. g5 Bxg5 44. Kf3 Kd4 45. Kg4 b4 46. Kh5 b3 47. Kg4 b2 48. Kh5 b1Q 49. Kg4 Qe4+ 50. Kh5 Qh4# 0-1

[Event "Titled Tuesday intern op 25th Jun Early"]
[Site "Chess.com INT"]
[Date "2024.06.25"]
[Round "3"]
[White "Bauml, Broderick Kenneth"]
[Black "Kriti, Mayur Patel"]
[Result "1-0"]
[WhiteElo "2024"]
[BlackElo "1691"]
[PlyCount "57"]
[EventDate "2024.06.25"]
[EventType "swiss (blitz)"]
[EventRounds "11"]
[EventCountry "USA"]
[SourceTitle "EXT 2025"]
[Source "ChessBase"]
[SourceDate "2024.10.14"]
[SourceVersion "1"]
[SourceVersionDate "2024.10.14"]
[SourceQuality "1"]

1. e4 e5 2. Nf3 Nc6 3. d4 exd4 4. Nxd4 Bb4+ 5. c3 Bc5 6. Be3 Bb6 7. Nf5 Bxe3 8. Nxe3 d6 9. c4 Nf6 10. Nc3 0-0 11. f3 Be6 12. Be2 Qd7 13. Ncd5 Bxd5 14. cxd5 Ne5 15. 0-0 Rae8 16. a4 Ng6 17. Bb5 c6 18. Be2 Nf4 19. Bc4 cxd5 20. Bb5 Qc7 21. Bxe8 Rxe8 22. Nxd5 N6xd5 23. exd5 Qc5+ 24. Kh1 Nxd5 25. Re1 Rd8 26. Rc1 Qa5 27. b4 Nxb4 28. Qxd6 Nd3 29. Qxd3 1-0

[Event "Titled Tuesday intern op 25th Jun Early"]
[Site "Chess.com INT"]
[Date "2024.06.25"]
[Round "7"]
[White "Kriti, Mayur Patel"]
[Black "Hernandez Izquierdo, Jose A"]
[Result "1-0"]
[WhiteElo "1691"]
[BlackElo "2209"]
[PlyCount "121"]
[EventDate "2024.06.25"]
[EventType "swiss (blitz)"]
[EventRounds "11"]
[EventCountry "USA"]
[SourceTitle "EXT 2025"]
[Source "ChessBase"]
[SourceDate "2024.10.14"]
[SourceVersion "1"]
[SourceVersionDate "2024.10.14"]
[SourceQuality "1"]

1. e4 c5 2. d4 cxd4 3. c3 dxc3 4. Nxc3 Nc6 5. Nf3 e6 6. Bc4 d6 7. 0-0 Nf6 8. Qe2 Be7 9. Rd1 e5 10. h3 Be6 11. Be3 0-0 12. Rac1 a6 13. a4 Bxc4 14. Qxc4 Rc8 15. Qa2 Qa5 16. Bd2 Qb6 17. Be3 Qb4 18. Bd2 Qb6 19. Be3 Qa5 20. Bd2 Qd8 21. Be3 h6 22. Qb1 Na5 23. Nxe5 Nb3 24. Rc2 Qc7 25. Nf3 Nxe4 26. Qa2 Na5 27. Nd4 Nxc3 28. Rxc3 Qd7 29. Rcd3 Nc4 30. b3 Nxe3 31. Rxe3 d5 32. Qe2 Bf6 33. Red3 Rfe8 34. Qf3 Re5 35. Kh2 Rd8 36. Ne2 Rf5 37. Qg3 Be5 38. f4 Bc7 39. Rf1 Qe6 40. Nd4 Qe4 41. Nxf5 Qxf5 42. Kh1 Kh8 43. Rdf3 d4 44. Qf2 d3 45. Rd1 Ba5 46. Rfxd3 Rxd3 47. Rc1 Qg6 48. Rc8+ Kh7 49. Rc1 Rd2 50. Qf3 Rd3 51. Qxb7 Rxb3 52. Qxb3 Bd2 53. Rd1 Bxf4 54. Qf3 Be5 55. Rd5 f6 56. Rd1 h5 57. Qc6 Qg3 58. Kg1 Qh2+ 59. Kf1 Qh1+ 60. Ke2 Qxg2+ 61. Qxg2 1-0

[Event "Wch U20 Girls 40th"]
[Site "Gandhinagar"]
[Date "2024.06.05"]
[Round "4"]
[White "Kriti, Mayur Patel"]
[Black "Gade, Sharanya"]
[Result "0-1"]
[WhiteElo "1691"]
[BlackElo "1849"]
[PlyCount "106"]
[EventDate "2024.06.02"]
[EventType "swiss"]
[EventRounds "11"]
[EventCountry "IND"]
[SourceTitle "CBM 220 Extra"]
[Source "ChessBase"]
[SourceDate "2024.07.31"]
[SourceVersion "1"]
[SourceVersionDate "2024.07.31"]
[SourceQuality "1"]

1. e4 c5 2. c3 Nf6 3. e5 Nd5 4. d4 cxd4 5. Nf3 Nc6 6. Bc4 Nb6 7. Bb3 d6 8. exd6 Qxd6 9. 0-0 Be6 10. Nxd4 Nxd4 11. cxd4 Rd8 12. Be3 g6 13. Nc3 Bxb3 14. Qxb3 Bg7 15. Nb5 Qb8 16. d5 0-0 17. Rad1 Nc8 18. Rfe1 Rd7 19. Qb4 Be5 20. f4 Bf6 21. g3 a6 22. Nc3 Rfd8 23. Bd4 Bxd4+ 24. Qxd4 b5 25. a3 Qb6 26. Kg2 Qxd4 27. Rxd4 Nb6 28. Red1 Nc4 29. b3 Ne3+ 30. Kf3 Nxd1 31. Rxd1 Rc7 32. Rd3 e6 33. d6 Rc6 34. d7 Rxd7 35. Rxd7 Rxc3+ 36. Kg4 Rxb3 37. Kg5 Kg7 38. a4 bxa4 39. Rd4 Rb5+ 40. Kg4 Ra5 41. Rd2 a3 42. Ra2 Ra4 43. Kf3 h5 44. h3 Kf6 45. g4 g5 46. fxg5+ Kxg5 47. h4+ Kxh4 48. Rh2+ Kg5 49. Rxh5+ Kg6 50. Rh1 a2 51. Ra1 Kg5 52. Ke3 Kxg4 53. Kf2 Ra3 0-1

[Event "Wch U20 Girls 40th"]
[Site "Gandhinagar"]
[Date "2024.06.02"]
[Round "1"]
[White "Rindhiya, V."]
[Black "Kriti, Mayur Patel"]
[Result "1-0"]
[WhiteElo "1965"]
[BlackElo "1691"]
[PlyCount "96"]
[EventDate "2024.06.02"]
[EventType "swiss"]
[EventRounds "11"]
[EventCountry "IND"]
[SourceTitle "CBM 220 Extra"]
[Source "ChessBase"]
[SourceDate "2024.07.31"]
[SourceVersion "1"]
[SourceVersionDate "2024.07.31"]
[SourceQuality "1"]

1. e4 e5 2. Nf3 Nc6 3. Bb5 a6 4. Ba4 Nf6 5. 0-0 Nxe4 6. d4 b5 7. Bb3 d5 8. dxe5 Be6 9. c3 Be7 10. Nbd2 0-0 11. Re1 Nc5 12. Bc2 Bg4 13. h3 Bh5 14. Nf1 f6 15. g4 Bf7 16. Bf4 fxe5 17. Nxe5 Nxe5 18. Bxe5 Bd6 19. Ng3 Bxe5 20. Rxe5 c6 21. Nf5 Ne6 22. Qd3 Kh8 23. Nxg7 Bg6 24. Nxe6 Qf6 25. Qe3 Bxc2 26. Nxf8 Rxf8 27. Re8 Be4 28. Rxf8+ Qxf8 29. f3 Bg6 30. Re1 Qf7 31. Qe5+ Kg8 32. Qe6 Kg7 33. Qxf7+ Kxf7 34. Kf2 Kf6 35. f4 c5 36. Re5 Bf7 37. g5+ Kg6 38. Re7 d4 39. cxd4 cxd4 40. f5+ Kg7 41. Ke2 Kf8 42. Rxf7+ Kxf7 43. Kd3 Ke7 44. Kxd4 Kd6 45. g6 hxg6 46. fxg6 Ke6 47. h4 Kf6 48. h5 Kg7 1-0

[Event "Titled Tuesday intern op 14th May Early"]
[Site "Chess.com INT"]
[Date "2024.05.14"]
[Round "5"]
[White "Diaz Herquinio, Brahian"]
[Black "Kriti, Mayur Patel"]
[Result "1-0"]
[WhiteElo "2051"]
[BlackElo "1782"]
[PlyCount "131"]
[EventDate "2024.05.14"]
[EventType "swiss (blitz)"]
[EventRounds "11"]
[EventCountry "USA"]
[SourceTitle "EXT 2025"]
[Source "ChessBase"]
[SourceDate "2024.10.14"]
[SourceVersion "1"]
[SourceVersionDate "2024.10.14"]
[SourceQuality "1"]

1. e4 e5 2. Nf3 Nc6 3. Bb5 a6 4. Ba4 Nf6 5. 0-0 b5 6. Bb3 Bc5 7. c3 d6 8. d4 Bb6 9. Be3 0-0 10. Nbd2 Bg4 11. dxe5 Bxe3 12. exf6 Bxd2 13. fxg7 Kxg7 14. Qxd2 Bxf3 15. gxf3 Ne5 16. Kh1 Qh4 17. Rg1+ Kh8 18. Rg3 Rg8 19. Rag1 Rg6 20. f4 Ng4 21. f3 Nf6 22. Bxf7 Rxg3 23. Rxg3 Rf8 24. Bb3 Nh5 25. Rg4 Qh3 26. Qg2 Qxg2+ 27. Kxg2 Nxf4+ 28. Kg3 Nd3 29. a4 Nxb2 30. axb5 axb5 31. Rg5 c5 32. Rd5 Rf6 33. Rd2 Nc4 34. Bxc4 bxc4 35. Rd5 Kg7 36. e5 dxe5 37. Rxc5 Rf4 38. Rxe5 Rf6 39. Rc5 Rg6+ 40. Kf2 Rh6 41. Rxc4 Rxh2+ 42. Kg3 Rc2 43. Rc6 h6 44. f4 h5 45. Kh4 Rf2 46. Kg5 h4 47. Rc7+ Kf8 48. f5 h3 49. Rh7 h2 50. c4 Rg2+ 51. Kf6 Kg8 52. Rh4 Rc2 53. Ke7 Re2+ 54. Kd6 Kf7 55. c5 Rc2 56. c6 Rd2+ 57. Kc7 Kf6 58. Kb8 Rb2+ 59. Kc8 Kxf5 60. c7 Ke6 61. Rh6+ Ke7 62. Rh7+ Kd6 63. Kd8 Rb7 64. Rxh2 Rxc7 65. Rh6+ Kd5 66. Kxc7 1-0

[Event "Titled Tuesday intern op 14th May Early"]
[Site "Chess.com INT"]
[Date "2024.05.14"]
[Round "1"]
[White "Kriti, Mayur Patel"]
[Black "Pasti, Aron"]
[Result "0-1"]
[WhiteElo "1782"]
[BlackElo "2400"]
[PlyCount "62"]
[EventDate "2024.05.14"]
[EventType "swiss (blitz)"]
[EventRounds "11"]
[EventCountry "USA"]
[SourceTitle "EXT 2025"]
[Source "ChessBase"]
[SourceDate "2024.10.14"]
[SourceVersion "1"]
[SourceVersionDate "2024.10.14"]
[SourceQuality "1"]

1. d4 Nf6 2. c4 e6 3. Nc3 Bb4 4. Bg5 h6 5. Bh4 g5 6. Bg3 Ne4 7. Qc2 d5 8. e3 h5 9. f3 h4 10. Bxc7 Qxc7 11. fxe4 dxc4 12. Nf3 g4 13. Ne5 Nc6 14. Nxc4 Bd7 15. 0-0-0 Bxc3 16. Qxc3 0-0-0 17. d5 b5 18. dxc6 Bxc6 19. Ne5 Bxe4 20. Qxc7+ Kxc7 21. Nxf7 Rxd1+ 22. Kxd1 Rf8 23. Ng5 Bd5 24. Bxb5 Bxa2 25. Ke2 Rf5 26. Rc1+ Kb6 27. Nxe6 Rxb5 28. Nd4 Rxb2+ 29. Kf1 Bd5 30. g3 Rxh2 31. Nf5 Rh1+ 0-1

[Event "Titled Tuesday intern op 14th May Early"]
[Site "Chess.com INT"]
[Date "2024.05.14"]
[Round "10"]
[White "Kriti, Mayur Patel"]
[Black "Van Baar, Esper"]
[Result "1-0"]
[WhiteElo "1782"]
[BlackElo "2207"]
[PlyCount "51"]
[EventDate "2024.05.14"]
[EventType "swiss (blitz)"]
[EventRounds "11"]
[EventCountry "USA"]
[SourceTitle "EXT 2025"]
[Source "ChessBase"]
[SourceDate "2024.10.14"]
[SourceVersion "1"]
[SourceVersionDate "2024.10.14"]
[SourceQuality "1"]

1. e4 c6 2. d4 d5 3. exd5 cxd5 4. Bd3 Nf6 5. c3 Nc6 6. Bf4 Bg4 7. Qb3 Qd7 8. Nd2 e6 9. Ngf3 Bd6 10. Bxd6 Qxd6 11. 0-0 0-0 12. Rae1 a5 13. Ne5 Bh5 14. f4 Bg6 15. f5 Bxf5 16. Bxf5 exf5 17. Rxf5 a4 18. Qd1 a3 19. b3 Rae8 20. Qf3 Ne4 21. Nxe4 dxe4 22. Rxe4 Qh6 23. Nxf7 Qc1+ 24. Kf2 Qd2+ 25. Kg3 Rxe4 26. Nh6+ 1-0